Electronic instrumentation (Record no. 42640)
[ view plain ]
| 000 -LEADER | |
|---|---|
| fixed length control field | 00340nam a2200133Ia 4500 |
| 020 ## - INTERNATIONAL STANDARD BOOK NUMBER | |
| ISBN | 0070583706 |
| 082 ## - DEWEY DECIMAL CLASSIFICATION NUMBER | |
| Classification number | 681.2:621.38 |
| Item number | KAL |
| 100 ## - MAIN ENTRY--AUTHOR NAME | |
| Personal name | Kalsi, H S |
| 245 #0 - TITLE STATEMENT | |
| Title | Electronic instrumentation |
| 250 ## - EDITION STATEMENT | |
| Edition statement | Ed.2 |
| 260 ## - PUBLICATION, DISTRIBUTION, ETC. (IMPRINT) | |
| Place of publication | New Delhi |
| Name of publisher | Tata McGraw-Hill Publishing |
| Year of publication | 2004 |
| 942 ## - ADDED ENTRY ELEMENTS (KOHA) | |
| Koha item type | Books |
| Withdrawn status | Lost status | Damaged status | Not for loan | Home library | Current library | Date acquired | Cost, normal purchase price | Full call number | Accession Number | Koha item type |
|---|---|---|---|---|---|---|---|---|---|---|
| RRII Library | RRII Library | 16/12/2021 | 240.00 | 681.2:621.38 KAL | 22909 | Books |